Sources for women's history in the Microtext Department of the Sterling C. Evans Library at Texas A&M University /

Bibliographic Details
Other Authors: Knudson, Yvonne D., Page, Bill, 1953-
Format: Book
Language:English
Published: [Place of publication not identified] : [publisher not identified], [1988?] [date of publication not identified]
Subjects:

MARC

Tag First Indicator Second Indicator Subfields
LEADER 00000cam a2200000 a 4500
001 in00000007262
005 20210625105233.0
008 880223s1988 xx b 00100 eng d
035 |a (OCoLC)17525124 
035 |9 AAA1745AM 
040 |a TXA  |c TXA  |d UtOrBLW 
049 |a TXAI  |c [A09165600] 
050 4 |a Z7961  |b .S6 1988 
245 0 0 |a Sources for women's history in the Microtext Department of the Sterling C. Evans Library at Texas A&M University /  |c Volume I compiled by Yvonne D. Knudson ; Volume II compiled by Bill Page [and others]. 
264 1 |a [Place of publication not identified] :  |b [publisher not identified], [1988?]  |c [date of publication not identified] 
300 |a 2 volumes ;  |c 28 cm. 
336 |a text  |b txt  |2 rdacontent 
337 |a unmediated  |b n  |2 rdamedia 
338 |a volume  |b nc  |2 rdacarrier 
500 |a Volumes are bound together. 
500 |a Includes index. 
650 0 |a Women  |x History  |x Sources. 
700 1 |a Knudson, Yvonne D. 
700 1 |a Page, Bill,  |d 1953- 
999 |a MARS 
999 f f |s a427b2d8-2e67-3752-92be-7b3a71d03dcf  |i 464fd496-6c27-3aad-8adb-4a470d7aa43b  |t 0 
952 f f |p ric  |a Texas A&M University  |b Rellis Campus  |c Joint Library Facility  |d Remote Storage  |t 0  |e Z7961 .S6 1988  |h Library of Congress classification  |i unmediated -- volume  |k v.1/2  |m A14813981521 
998 f f |a Z7961 .S6 1988  |s 1/2  |t 0  |l Remote Storage